000 00431nam a2200169 4500
005 20251201115048.0
020 _a9789395161015
082 _a530.41
_bPIL.S
084 _2Colon Classification
100 _aPillai,S O
_95772
245 _aSolid state physics
250 _a10th ed.
260 _aNewDelhi:
_bNew Age International,
_c2023.
300 _a921p.
650 _aPhysics
_vAtomic structure
_95773
942 _2ddc
_c GIF
999 _c753976
_d753976